Goldman - vrai ou faux ? - Statistiques

Statistiques générales
  • Ce quiz a été pris 158 fois
    145 depuis la dernière actualisation
  • Le résultat moyen est 12 sur 15
Statistiques - réponses
Question Réponse % Correct
Il aurait (co)écrit plus de 275 chansons pour lui et d'autres artistes ? Vrai
100%
Son deuxième prénom est Gaston ? Faux
90%
Il est né au Canada, mais à la nationalité Française ? Faux
90%
Il sait jouer de la guitare, de la basse, du piano, de l'harmonica, de la flûte, du violon et de la batterie ? Vrai
90%
Son dernier album studio est sorti en 2001 ? Vrai
86%
Il a fêté ses 70 ans en 2021 ? Vrai
86%
Il a été nommé 10 fois personnalité préférée des Français ? Vrai
86%
Il a vendu environ 30 millions de disques dans sa carrière ? Vrai
86%
Il a 7 enfants ? Faux
81%
Malgré tous les tubes qu'on lui connait, il n'a sorti que 7 albums solo en studio ? Vrai
81%
Il toucherait environ 2 millions d'euros par an en droit d'auteur ? Vrai
81%
Il refuse toujours en 2022 que ces titres soient diffusés sur les plateformes de streaming comme Deazer ou Spotify ? Faux
71%
Son album le plus vendu est "Quand la musique est bonne " ? Faux
67%
Il est le compositeur du tube de Johnny Hallyday "Allumé le feu" ? Faux
57%
Ses chansons seraient diffusées environ 300 fois par jour à la radio ? Faux
38%
Aucun quiz correspondant
Distribution des résultats
% des personnes avec chaque résultat
Percentile par nombre de réponses
Votre historique - résultats
Vous n’avez pas pris ce quiz depuis la dernière actualisation